St. Louis Lambert Int. Airport Destinations (St. Louis, MO, USA) - Statistics

General Stats
  • This quiz has been taken 106 times
    56 since last reset
  • The average score is 59 of 74
Answer Stats
Airline Destination % Correct
American Airlines/Southwest Airlines Miami
100%
Alaska Airlines/Southwest Airlines Seattle/Tacoma
100%
Southwest Airlines Austin
98%
American Airlines/American Eagle/Frontier Airlines Dallas/Fort Worth
98%
Southwest Airlines Dallas (Love)
98%
Southwest Airlines Houston (Hobby)
98%
United Airlines/United Express Houston (Intercontinental)
98%
Delta Air Lines/Frontier Airlines/Southwest Airlines Atlanta
96%
American Airlines/Southwest Airlines Charlotte
96%
Southwest Airlines Chicago (Midway)
96%
American Airlines/American Eagle/United Airlines/United Express Chicago (O'Hare)
96%
American Airlines/Southwest Airlines Los Angeles
96%
Delta Connection New York (JFK)
96%
American Airlines/American Eagle/Delta Connection/Southwest Airlines New York (LaGuardia)
96%
Southwest Airlines San Diego
96%
United Express Washington (Dulles)
96%
American Airlines/American Eagle/Southwest Airlines Washington (National)
96%
American Eagle/Southwest Airlines Boston
93%
Frontier Airlines/Southwest Airlines/United Airlines/United Express Denver
93%
Frontier Airlines/Southwest Airlines/Spirit Airlines Las Vegas
93%
Delta Air Lines/Delta Connection/Southwest Airlines/Sun Country Airlines Minneapolis/St. Paul
93%
Frontier Airlines/Southwest Airlines/Spirit Airlines Orlando
93%
Southwest Airlines/United Airlines San Francisco
93%
Air Canada/Air Canada Express Toronto (Pearson)
93%
Southwest Airlines Jacksonville (FL)
91%
United Airlines/United Express Newark
91%
American Airlines/Frontier Airlines/Southwest Airlines Phoenix (Sky Harbor)
91%
Southwest Airlines Portland (OR)
91%
Southwest Airlines Baltimore
89%
Southwest Airlines Cleveland
89%
Southwest Airlines New Orleans
89%
American Airlines/American Eagle/Southwest Airlines Philadelphia
89%
Frontier Airlines/Southwest Airlines Tampa
89%
Southwest Airlines Columbus (Glenn)
87%
Delta Air Lines/Southwest Airlines/Spirit Airlines Detroit
87%
Southwest Airlines Kansas City
87%
Air Canada/Air Canada Express Montréal (Trudeau)
87%
Southwest Airlines Nashville
87%
Delta Air Lines/Southwest Airlines Salt Lake City
87%
Southwest Airlines/Spirit Airlines Fort Lauderdale
85%
Southwest Airlines San Jose (CA)
85%
Southwest Airlines Milwaukee
83%
Southwest Airlines Oklahoma City
83%
Southwest Airlines Pittsburgh
83%
Southwest Airlines San Antonio
83%
American Airlines/Frontier Airlines/Southwest Airlines Cancún
80%
Southwest Airlines Fort Myers
80%
Southwest Airlines Oakland
78%
Southwest Airlines Raleigh/Durham
78%
Southwest Airlines Des Moines
76%
Southwest Airlines Omaha
74%
Southwest Airlines Sacramento
72%
Southwest Airlines Little Rock
70%
Southwest Airlines Charleston (SC)
67%
Lufthansa Frankfurt
67%
Southwest Airlines Destin/Fort Walton Beach
65%
Southwest Airlines West Palm Beach
65%
Southwest Airlines Sarasota
63%
Southwest Airlines Long Beach
61%
Southwest Airlines Pensacola
61%
Southwest Airlines Tulsa
61%
Southwest Airlines Wichita
61%
Southwest Airlines Myrtle Beach
59%
Southwest Airlines Norfolk
59%
Southwest Airlines Panama City (FL)
59%
Southwest Airlines San Juan
59%
Southwest Airlines Savannah
57%
Southwest Airlines Burbank
54%
Frontier Airlines/Southwest Airlines Punta Cana
52%
Alaska Airlines Puerto Vallarta
43%
Southwest Airlines Montego Bay
41%
Southwest Airlines San José del Cabo
41%
Southern Airways Express Jonesboro
20%
Southern Airways Express Quincy
17%
No matching quizzes found
Score Distribution
Percent of People with Each Score
Percentile by Number Answered
Your Score History
You have not taken this quiz since the last reset